Solving ordinary differential equations I : (Record no. 355817)
[ view plain ]
| 000 -LEADER | |
|---|---|
| fixed length control field | 00687 a2200205 4500 |
| 020 ## - INTERNATIONAL STANDARD BOOK NUMBER | |
| International Standard Book Number | 3642051634 |
| 020 ## - INTERNATIONAL STANDARD BOOK NUMBER | |
| International Standard Book Number | 9783642051630 |
| 082 ## - DEWEY DECIMAL CLASSIFICATION NUMBER | |
| Classification number | 515.352 |
| 090 ## - LOCALLY ASSIGNED LC-TYPE CALL NUMBER (OCLC); LOCAL CALL NUMBER (RLIN) | |
| -- | 1693 |
| -- | 1693 |
| 100 1# - MAIN ENTRY--PERSONAL NAME | |
| Personal name | Hairer, Ernst. |
| 245 10 - TITLE STATEMENT | |
| Title | Solving ordinary differential equations I : |
| Remainder of title | nonstiff problems / |
| Statement of responsibility, etc. | Ernst Hairer, Syvert P. Norsett, Gerhard Wanner. |
| 250 ## - EDITION STATEMENT | |
| Edition statement | 2nd ed. 1993. Corr. 3rd printing 2009. |
| 260 ## - PUBLICATION, DISTRIBUTION, ETC. | |
| Place of publication, distribution, etc. | [S.l.] : |
| Name of publisher, distributor, etc. | Springer, |
| Date of publication, distribution, etc. | 2009. |
| 300 ## - PHYSICAL DESCRIPTION | |
| Extent | 528 p. ; |
| Dimensions | 24 cm. |
| 490 1# - SERIES STATEMENT | |
| Series statement | Springer series in computational mathematics. |
| 700 1# - ADDED ENTRY--PERSONAL NAME | |
| Personal name | Norsett, Syvert P. |
| 700 1# - ADDED ENTRY--PERSONAL NAME | |
| Personal name | Wanner, Gerhard. |
| 830 #0 - SERIES ADDED ENTRY--UNIFORM TITLE | |
| Uniform title | Springer series in computational mathematics. |
| 942 ## - ADDED ENTRY ELEMENTS (KOHA) | |
| Institution code [OBSOLETE] | SNS |
| Koha item type | Book |
| Call number prefix | 515.352 HAI |
| Withdrawn status | Lost status | Source of classification or shelving scheme | Damaged status | Not for loan | Collection code | Permanent Location | Current Location | Shelving location | Date acquired | Source of acquisition | Cost, normal purchase price | Total Checkouts | Full call number | Barcode | Date last seen | Price effective from | Koha item type | Copy number |
|---|---|---|---|---|---|---|---|---|---|---|---|---|---|---|---|---|---|---|
| US-Pakistan Center for Advanced Studies in Energy (USPCAS-E) | US-Pakistan Center for Advanced Studies in Energy (USPCAS-E) | 12/28/2015 | Progressive | 7743.00 | 515.352 PRO-S 1993 | CAS-E0000955 | 12/28/2015 | 12/28/2015 | Book | |||||||||
| US-Pakistan Center for Advanced Studies in Energy (USPCAS-E) | US-Pakistan Center for Advanced Studies in Energy (USPCAS-E) | 12/28/2015 | Progressive | 7743.00 | 515.352 PRO-S 1993 | CAS-E0000956 | 12/28/2015 | 12/28/2015 | Book | C.2 |
